1302-我孫子市(千葉県)の駅 - Statistics

General Stats
  • This quiz has been taken 20 times
  • The average score is 5 of 6
Answer Stats
Answer % Correct
我孫子
100%
天王台
100%
東我孫子
100%
湖北
83%
布佐
72%
新木
67%
No matching quizzes found
Score Distribution
Percent of People with Each Score
Percentile by Number Answered
Your Score History
You have not taken this quiz